Problémy merania efektívnosti zmien organizačnej štruktúry riadenia k výskumnej správe za 1. etapu riešenia

Saved in:
Bibliographic Details
Main Author: Leščišin, Michal
Other Authors: Szilágyi, M.
Format: Book
Language:Slovak
Published: Bratislava Vysoká škola ekonomická 1982
Tags: Add Tag
No Tags, Be the first to tag this record!

MARC

LEADER 00000nam a2200000 4500
001 c127248
005 20250708102822.3
041 0 |a slo 
044 |a SK 
245 1 0 |a Problémy merania efektívnosti zmien organizačnej štruktúry riadenia  |b k výskumnej správe za 1. etapu riešenia  |c Michal Leščišin, Michal Szilágyi 
264 1 |a Bratislava  |b Vysoká škola ekonomická  |c 1982 
300 |a 81 s. 
100 1 |a Leščišin, Michal 
700 1 |a Szilágyi, M.